00600 2200229 4500001002100000005001700021008004100038035002400079082001200103090001900115100002600134245005900160250001100219260002800230300001900258500002700277650001700304850001500321980001300336985000600349999001500355YOGYA-0209000001377920090227022344.0 ind  0010-020900000013779 a297.351 a297.351bNis P aNISBAH, H. Muqarrobin aPenuntun Manasik, Haji dan UmrohcH. Muqarrobin Nisbah aCet. 2 aDemakbMedia Ilmuc1995 a124 hlmc21 cm aBibliografi : hlm. 123 aManasik Haji aYOPDYOG(B) a07-07-05 a1 a96P0081479